Adductions et distributions d'eau (Record no. 72129)

MARC details
000 -LEADER
campo de control de longitud fija 00487nam a2200145 i 4500
001 - NÚMERO DE CONTROL
campo de control 72129
003 - IDENTIFICADOR DE NÚMERO DE CONTROL
campo de control ES-MaACL
005 - FECHA Y HORA DE LA ÚLTIMA TRANSACCIÓN
campo de control 20230906171330.0
007 - CAMPO FIJO DE DESCRIPCIÓN FÍSICA--INFORMACIÓN GENERAL
campo de control de longitud fija t|
008 - DATOS DE LONGITUD FIJA--INFORMACIÓN GENERAL
campo de control de longitud fija 040826s1919 fr ||||1| fre d
100 1# - ENTRADA PRINCIPAL--NOMBRE DE PERSONA
Nombre de persona Gilbert, J.
9 (RLIN) 56915
245 10 - MENCIÓN DEL TÍTULO
Título Adductions et distributions d'eau
Resto del título : type de rapport explicatif et justificatif dfe l'alimentation en eau d'une ville pour petites villes ou communes /
Mención de responsabilidad, etc. J. Gilbert.
260 ## - PUBLICACIÓN, DISTRIBUCIÓN, ETC.
Lugar de publicación, distribución, etc. París :
Nombre del editor, distribuidor, etc. Dunod,
Fecha de publicación, distribución, etc. 1919.
852 ## - LOCALIZACIÓN
Ubicación ES-MaACL
Número de control de estantería 1612-F-14
Holdings
Estatus retirado Estado de pérdida Estado de daño No para préstamo Colección Biblioteca de origen Biblioteca actual Ubicación en estantería Fecha de adquisición Fuente de adquisición Total de préstamos Signatura topográfica completa Código de barras Visto por última vez Precio de reemplazo Tipo de ítem Koha
        Colección de folletos Biblioteca del Ateneo de Madrid Biblioteca del Ateneo de Madrid Depósito folletos 17/01/2008     1612-F-14 1075514 23/02/2023 23/02/2023 Folleto